| 000 | 00626nam a22002057a 4500 | ||
|---|---|---|---|
| 999 |
_c4012 _d4012 |
||
| 001 | 5011 | ||
| 003 | BD-DhUAP | ||
| 005 | 20200316141340.0 | ||
| 008 | 200316s1985 il a|||| |||| 00| 0 eng d | ||
| 020 | _a0673209067 | ||
| 040 |
_aBD-DhUAP _bEng _cBD-DhUAP _dBD-DhUAP |
||
| 082 |
_223 _a425 GAY |
||
| 100 | _aGay, Kathlyn. | ||
| 245 |
_aI like English : _bBook 6 / _cKathlyn Gay and Lorre H Sintetos. |
||
| 260 |
_aGlenview, Illionois : _bScott, Foresman and Co., _c©1985. |
||
| 300 |
_avi, 202 pages : _billustrations ; _c28 cm. |
||
| 650 |
_aEnglish language _vGrammar. |
||
| 700 | _aSintetos, Lorre H. | ||
| 942 |
_2ddc _cBK |
||